000 02629cam a2200601 i 4500
003 PE-LiUPU
005 20250731170411.0
008 140805s2014 miu b 001 0 eng
020 _a0802870694
020 _a9780802870698
035 _a(Sirsi) i9780802870698
040 _aPE-LiUPU
_bspa
_cPE-LiUPU
_erda
049 _aPRUA
082 0 0 _a181.06
_bR31
_220
245 0 0 _aReading Philo :
_bA handbook to Philo of Alexandria /
_cEdited by Torrey Seland.
264 1 _aGrand Rapids, Michigan :
_bWilliam B. Eerdmans Publishing Company,
_c2014.
300 _axvi, 345 páginas ;
_c23 centímetros.
336 _atext
_2rdacontent
337 _aunmediated
_2rdamedia
338 _avolume
_2rdacarrier
504 _aBibliografía : páginas 287-322.
504 _aÍndices : páginas 323-345.
505 0 _aIntroduction and motivation. Philo of Alexandria: an introduction / Torrey Seland -- Philo of Alexandria in context. Philo as a Jew / Karl-Gustav Sandelin -- Philo as a citizen: Homo politicus / Torrey Seland -- Philo--an interpreter of the laws of Moses / Peder Borgen -- Philo and classical education / Erkki Koskenniemi -- "The Jewish philosophy": reading Moses via Hellenistic philosophy according to Philo / Gregory E. Sterling -- Why and how to study Philo. Why study Philo? How? / Torrey Seland -- Philo's Exposition of the Law and social history: methodological considerations / Adele Reinhartz -- Philo's relevance for the study of Jews and Judaism in antiquity / Ellen Birnbaum -- Philo's relevance for the study of the New Testament / Per Jarle Bekken -- Philo in the Patristic tradition: a list of direct references / David T. Runia.
526 _aSEG68
526 _aSEG70
526 _aSEG69
526 _aSEG67
526 _aSEG43
526 _aP144
526 _aP143
526 _aP131
526 _aP122
526 _aP120
526 _aP117
526 _aP112
526 _aP110
526 _aP106
526 _aP101
526 _aP80
526 _aP59
526 _aP54
526 _aP35
526 _aP33
526 _aP30
700 1 _aSeland, Torrey,
_eeditor.
910 _jck
_bhop
_chop
_d20160526
942 _2ddc
_cBOOK
949 _a181.06 R31
_wDEWEY
_c1
_i73203
_lCCODEBUL1
_mBUL
_p45.00
_r0
_sY
_tBOOK
_u2016-5-26
_xSALUD
_PP85
_0COMPRA
_o.STAFF. Posgrado
994 _aC0
_bPEPRU
596 _a1
999 _a181.06 R31
_wDEWEY
_c9609
_i73203
_f2021-11-4
_g5
_lCCODEBUL1
_mBUL
_p45.00
_r0
_sY
_tBOOK
_u2016-5-26
_xBIBLIOTECA
_PP85
_0COMPRA
_o.STAFF. Posgrado
_d9609
980 _81
_gALBERTO SANCHEZ Responsable de Automatización